Towering inferno. (Record no. 60572)

MARC details
000 -LEADER
fixed length control field 00779cam a2200181 4500
001 - CONTROL NUMBER
control field ABS60903
008 - FIXED-LENGTH DATA ELEMENTS--GENERAL INFORMATION
fixed length control field 000000n1999 000 0 eng u
035 ## - SYSTEM CONTROL NUMBER
System control number (Sirsi) u101430
100 ## - MAIN ENTRY--PERSONAL NAME
Personal name Gardner, G.
245 ## - TITLE STATEMENT
Title Towering inferno.
260 ## - PUBLICATION, DISTRIBUTION, ETC.
Date of publication, distribution, etc. 1999
490 ## - SERIES STATEMENT
Series statement Building Design
Volume/sequential designation (1402) 2 July 1999, 18(1)
520 ## - SUMMARY, ETC.
Summary, etc. A report by the Loss Prevention Council, Fire spread in multistorey buildings with glazed curtain wall facades recommends that architects specify fire-resistant glazing for such buildings where possible, and ensure that fire-stopping is fitted to a high standard. Sprinklers are identified as the most appropriate protection.
650 ## - SUBJECT ADDED ENTRY--TOPICAL TERM
Topical term or geographic name entry element FIRE PREVENTION
650 ## - SUBJECT ADDED ENTRY--TOPICAL TERM
Topical term or geographic name entry element FIRE HAZARDS
690 ## - LOCAL SUBJECT ADDED ENTRY--TOPICAL TERM (OCLC, RLIN)
Topical term or geographic name as entry element BUILT ENVIRONMENT-CONSTRUCTION DESIGN
942 ## - ADDED ENTRY ELEMENTS (KOHA)
Suppress in OPAC 0
Holdings
Withdrawn status Lost status Source of classification or shelving scheme Damaged status Not for loan Home library Current library Shelving location Date acquired Total Checkouts Full call number Barcode Date last seen Copy number Price effective from Koha item type
    Dewey Decimal Classification     London London Journal article 04/11/1999   ABS60903 101430-1001 06/08/2019 1 06/08/2019 Journal article